[Event "Rhein Main op-B 25th"]
[Site "Bad Homburg"]
[Date "2023.06.10"]
[Round "5"]
[White "Pradeep, Harshill"]
[Black "Graf, Michael"]
[Result "1/2-1/2"]
[WhiteElo "1482"]
[BlackElo "1673"]
[PlyCount "103"]
[EventDate "2023.06.07"]
[EventType "swiss"]
[EventRounds "7"]
[EventCountry "GER"]
[SourceTitle "CBM 215 Extra"]
[Source "ChessBase"]
[SourceDate "2023.09.30"]
[SourceVersion "1"]
[SourceVersionDate "2023.09.30"]
[SourceQuality "1"]

1. e4 c5 2. Nf3 e6 3. c3 Nc6 4. d4 d5 5. exd5 exd5 6. Be3 Qb6 7. Qc2 Nf6 8. dxc5 Bxc5 9. Bxc5 Qxc5 10. Bd3 Bg4 11. Nbd2 Rc8 12. Qa4 Bd7 13. Qf4 Qe7+ 14. Kf1 0-0 15. Re1 Be6 16. Qh4 Rfe8 17. Nb3 Qd6 18. Nbd4 Bd7 19. Rd1 Ne5 20. Nxe5 Rxe5 21. Qg3 Qc7 22. f4 Re7 23. Qh4 Rce8 24. h3 Ne4 25. Kg1 Qb6 26. b3 f5 27. Bxe4 dxe4 28. Kh2 e3 29. Rhe1 Qg6 30. Qg3 Qxg3+ 31. Kxg3 b5 32. Rd3 a6 33. Kf3 Bc8 34. g4 Bb7+ 35. Kg3 e2 36. Nxf5 Re6 37. Kf2 Be4 38. Rd2 Bxf5 39. gxf5 Re4 40. Rexe2 Rxf4+ 41. Kg3 Rxe2 42. Rd8+ Kf7 43. Kxf4 Rxa2 44. Rd7+ Kf6 45. Rd6+ Ke7 46. Re6+ Kf7 47. b4 Ra3 48. Rc6 Ra4 49. Rc7+ Kf6 50. Rc6+ Ke7 51. Rc7+ Kf6 52. Rc6+ 1/2-1/2

[Event "Rhein Main op-B 25th"]
[Site "Bad Homburg"]
[Date "2023.06.09"]
[Round "4"]
[White "Pichl, Christoph"]
[Black "Pradeep, Harshill"]
[Result "1/2-1/2"]
[WhiteElo "1717"]
[BlackElo "1482"]
[PlyCount "105"]
[EventDate "2023.06.07"]
[EventType "swiss"]
[EventRounds "7"]
[EventCountry "GER"]
[SourceTitle "CBM 215 Extra"]
[Source "ChessBase"]
[SourceDate "2023.09.30"]
[SourceVersion "1"]
[SourceVersionDate "2023.09.30"]
[SourceQuality "1"]

1. d4 Nf6 2. c4 c5 3. d5 e6 4. Nc3 exd5 5. cxd5 d6 6. Nf3 g6 7. Nd2 Nbd7 8. e4 Bg7 9. Be2 0-0 10. 0-0 Ne8 11. Nc4 a6 12. a4 Ne5 13. Bf4 Nxc4 14. Bxc4 f5 15. exf5 Bxf5 16. Qd2 Rf7 17. Rae1 Qd7 18. b3 Nc7 19. Bg3 b5 20. axb5 axb5 21. Be2 b4 22. Na4 Rxa4 23. bxa4 Bc3 24. Qd1 Bxe1 25. Rxe1 Rf8 26. Bc4 Ra8 27. Bb3 Ne8 28. Bh4 Qg7 29. g4 g5 30. Bg3 Bg6 31. Re6 Qc3 32. Re3 Qb2 33. Re2 Qc3 34. Re3 Qb2 35. h3 Rc8 36. Re2 Qg7 37. Qe1 c4 38. Bxc4 Rxc4 39. Rxe8+ Bxe8 40. Qxe8+ Qf8 41. Qe6+ Qf7 42. Qxd6 Qg6 43. Qb8+ Kg7 44. Be5+ Kf7 45. Qc7+ Kg8 46. d6 Qf7 47. d7 Rc1+ 48. Kg2 Rd1 49. Qc8+ Qf8 50. Qc4+ Qf7 51. Qc8+ Qf8 52. Qc4+ Qf7 53. Qc8+ 1/2-1/2

[Event "GER-ch U10"]
[Site "Willingen"]
[Date "2023.06.02"]
[Round "9"]
[White "Sheng, Ming"]
[Black "Pradeep, Harshill"]
[Result "1/2-1/2"]
[WhiteElo "1675"]
[BlackElo "1482"]
[PlyCount "141"]
[EventDate "2023.05.27"]
[EventType "swiss"]
[EventRounds "11"]
[EventCountry "GER"]
[SourceTitle "CBM 214 Extra"]
[Source "ChessBase"]
[SourceDate "2023.07.31"]
[SourceVersion "1"]
[SourceVersionDate "2023.07.31"]
[SourceQuality "1"]

1. e4 d5 2. exd5 Nf6 3. d4 Bg4 4. Be2 Bxe2 5. Qxe2 Qxd5 6. Nf3 e6 7. 0-0 c6 8. Nc3 Qh5 9. Bf4 Bb4 10. Ne4 Nxe4 11. Qxe4 Be7 12. Rad1 0-0 13. Qe5 Qxe5 14. dxe5 h6 15. Be3 b5 16. Rd2 c5 17. c4 a6 18. Rc1 Rc8 19. Ne1 Nc6 20. cxb5 axb5 21. Bxc5 Nxe5 22. Rdc2 Bg5 23. Ra1 Nc4 24. Bd4 Rd8 25. Bc3 Na5 26. Bxa5 Rxa5 27. g3 Rda8 28. a3 b4 29. h4 Bf6 30. Rac1 bxa3 31. bxa3 Rxa3 32. Rc8+ Rxc8 33. Rxc8+ Kh7 34. Nc2 Rc3 35. Rxc3 Bxc3 36. Kg2 g5 37. hxg5 hxg5 38. g4 Kg6 39. Kf3 f5 40. gxf5+ exf5 41. Ne3 Bd4 42. Nc2 Be5 43. Ne3 Bb8 44. Kg2 Bf4 45. Nd5 Kh5 46. Kf3 Be5 47. Ne7 g4+ 48. Kg2 f4 49. Nd5 f3+ 50. Kf1 Kh4 51. Ne3 Kh3 52. Nf5 Bf4 53. Nd4 Kh2 54. Nf5 Kh1 55. Nd4 Kh2 56. Nf5 Bb8 57. Ne3 Kh3 58. Nf5 Ba7 59. Kg1 Bb6 60. Kf1 Kh2 61. Ng3 Bc7 62. Nf5 Bf4 63. Nd4 Kh3 64. Nf5 Bb8 65. Kg1 Ba7 66. Kf1 Kh2 67. Ng3 Bb8 68. Nf5 Bf4 69. Nd4 Kh3 70. Nf5 Kh2 71. Nd4 1/2-1/2